Commercial Banking (Record no. 351135)

000 -LEADER
fixed length control field 00485nam a22001937a 4500
003 - CONTROL NUMBER IDENTIFIER
control field OSt
005 - DATE AND TIME OF LATEST TRANSACTION
control field 20180116183034.0
008 - FIXED-LENGTH DATA ELEMENTS--GENERAL INFORMATION
fixed length control field 160215b xxu||||| |||| 00| 0 eng d
020 ## - INTERNATIONAL STANDARD BOOK NUMBER
International Standard Book Number 9788126510443
040 ## - CATALOGING SOURCE
Transcribing agency 0
082 ## - DEWEY DECIMAL CLASSIFICATION NUMBER
Classification number 332.12068 GUP 2012
100 ## - MAIN ENTRY--PERSONAL NAME
Personal name Benton E. Gup
245 ## - TITLE STATEMENT
Title Commercial Banking
Remainder of title The Management of Risk
Statement of responsibility, etc. Benton E. Gup
250 ## - EDITION STATEMENT
Edition statement 3rd
260 ## - PUBLICATION, DISTRIBUTION, ETC.
Place of publication, distribution, etc. India
Name of publisher, distributor, etc. Wiley
Date of publication, distribution, etc. 2012
300 ## - PHYSICAL DESCRIPTION
Extent 548 p.
Other physical details PB
440 ## - SERIES STATEMENT/ADDED ENTRY--TITLE
Title Commercial Banking
942 ## - ADDED ENTRY ELEMENTS (KOHA)
Source of classification or shelving scheme
Koha item type Book
Holdings
Withdrawn status Lost status Source of classification or shelving scheme Damaged status Not for loan Collection code Permanent Location Current Location Shelving location Date acquired Total Checkouts Total Renewals Full call number Barcode Date last seen Date last checked out Price effective from Koha item type
            Central Library (CL) Central Library (CL) General Stacks 02/15/2016 1 1 332.12068 GUP 2012 NBS10136 04/16/2021 09/14/2020 02/15/2016 Book
© 2023 Central Library, National University of Sciences and Technology. All Rights Reserved.